| 000 | 03723nab a2200301 i 4500 | ||
|---|---|---|---|
| 003 | BR-BrBNA | ||
| 005 | 20240219114958.0 | ||
| 008 | 240219b2018 bl.qr|pooa||| 00| 0 por | | ||
| 040 |
_aBR-BrBNA _bpor |
||
| 072 | _aT10 | ||
| 100 | _aGuimarães, Pompeu Paes | ||
| 100 | _aFiedler, Nilton César | ||
| 100 | _aOliveira, José Tarcísio da Silva | ||
| 100 | _aLeite, Ângelo Marcio Pinto | ||
| 100 | _aLima, Julião Soares de Souza | ||
| 245 | _aAnálise ergonômica do ambiente de trabalho na fabricação de ferramentas florestais | ||
| 500 | _aPublicação on-line; 20 ref.; 7 tables; 4 illus.; Summaries (En, Pt) | ||
| 520 | _a RESUMO Esta pesquisa objetivou avaliar o ambiente de trabalho em uma fábrica de produção de ferramentas. Este processo envolve as atividades de corte, orvado, viragem, forjadora, têmpera, inserção de cabos, esmeril, envernizamento e soldagem. Para avaliar o conforto térmico foi utilizado o IBUTG, para medir a velocidade do vento o anemômetro, luxímetro para avaliar a luminosidade e decibelímetro para analisar a exposição dos trabalhadores ao ruído. Os dados de IBUTG variaram em média de 20,9°C a 27,3°C. A forjadora apresentou os maiores valores de IBUTG em média durante todo o processo produtivo. Todas as atividades apresentaram velocidade do vento abaixo de 0,75 m/s, sendo aceitável para a jornada de trabalho. A iluminância, em média oscilou de 42,9 lux a 393,3 lux. As atividades de envernizamento, têmpera, forjadora e inserção de cabos apresentaram médias de iluminância abaixo dos 150 lux necessários durante toda a jornada de trabalho. Todas as atividades apresentaram ruídos acima de 85 dB(A), exceto o envernizamento e o corte. Os níveis de ruído variaram em média de 79,7 dB(A) no envernizamento às 8 h a 95,7 dB(A) no esmeril às 13 h. Palavras-chave: ergonomia; conforto térmico; iluminância; ventilação e ruído. | ||
| 520 | _a ABSTRACT This research aimed to evaluate the work environment in a tool manufacturing factory. This process in-volves the cutting activities, orvado, turning, forger, temper, cable insertion, grinding, welding and varnish-ing. To evaluate the thermal comfort was used IBUTG to measure the wind speed anemometer, lux meter to evaluate the brightness and decibel meter to analyse the exposure of workers to noise. The data ranged IBUTG on average 20.9°C at 27.3°C. The forger had the highest IBUTG values averaged over the entire production process. All activities had wind speeds below 0.75 m/s, being perfectly acceptable for the entire workday. The average luminance oscillated from 42.9 lux to 393.3 lux. The activities of varnish, temper, forger and cable insertion had average illuminance below 150 lux required throughout the workday. All ac-tivities presented noise above 85 dB(A), except the varnishing and cutting. Noise levels ranged on average of 79.7 dB(A) in varnishing at 8 hours 95.7 dB (A), in the grinding at 13 hours. Keywords: ergonomics; thermal comfort; lighting; ventilation; and noise. | ||
| 650 | _aERGONOMIA | ||
| 650 | _aILUMINAÇÃO | ||
| 650 | _aVENTILAÇÃO | ||
| 650 | _aRUÍDO | ||
| 773 | 0 |
_04065 _9198128 _dSanta Maria-RS Universidade Federal de Santa Maria - Centro de Pesquisas Florestais.Departamento de Ciências Florestais. Programa de Pós-Graduação em Engenharia Florestal 1991 _o2023-437009 _tCiência Florestal (Brazil) _x0103-9954; 1980-5098 (on-line) _gv. 28(4) p. 1651-1665; (Oct-Dec 2018) _wBR2023001561 |
|
| 856 | _uhttps://www.scielo.br/j/cflo/a/86YdxpDmHYZ7Df8sJQkphNn/?format=pdf&lang=pt | ||
| 942 | _cAnalítica | ||
| 999 |
_c298534 _d298534 |
||